Opportunities and challenges of Eastern European countries to participate in the global semiconductor and electronic market dizertačná práca

Gespeichert in:
Bibliographische Detailangaben
1. Verfasser: Brüderl, Georg
Körperschaft: Fakulta podnikového manažmentu EU. Katedra podnikovohospodárska
Weitere Verfasser: Fendeková, Eleonora, 1952-
Format: Buch
Sprache:Englisch
Veröffentlicht: Bratislava 2012
Schlagworte:
Tags: Tag hinzufügen
Keine Tags, Fügen Sie das erste Tag hinzu!

MARC

LEADER 00000nbm a2200000 4500
001 0161255
005 20221207094833.9
041 0 |a eng 
044 |a SK 
245 1 0 |a Opportunities and challenges of Eastern European countries to participate in the global semiconductor and electronic market  |b dizertačná práca  |c Georg Brüderl ; školiteľ: Eleonora Fendeková 
264 1 |a Bratislava  |c 2012 
300 |a 222 s. 
610 2 0 |a kooperácia hospodárska medzinárodná 
610 2 0 |a podnik multinacionálny 
610 2 0 |a korporácie transnacionálne 
610 2 0 |a východná Európa 
610 2 0 |a Európska únia 
100 1 |a Brüderl, Georg 
700 1 |a Fendeková, Eleonora, 1952- 
710 2 |a Fakulta podnikového manažmentu EU. Katedra podnikovohospodárska